Animes A-Z par image #2 - Statistiques

Statistiques générales
  • Ce quiz a été pris 1 981 fois
  • Le résultat moyen est 14 sur 26
Statistiques - réponses
Par images Hint Réponse % Correct
D Dragon Ball Z
99%
H Hunter X Hunter
98%
A L'Attaque des Titans
98%
B Bleach
96%
O One Punch Man
96%
J JoJo's Bizarre Adventure
93%
F Fullmetal Alchemist: Brotherhood
85%
S Seven Deadly Sins
83%
G Goldorak
79%
T Tokyo Revengers
73%
P The Promised Neverland
72%
M Mashle
65%
V Violet Evergarden
55%
K Ken le Survivant
53%
N No Game No Life
46%
Y Your lie in april
41%
C Capitaine Flam
35%
E Eyeshield 21
34%
Q The Quintessential Quintuplets
23%
R Radiant
22%
I Initial D
14%
L Lycoris Recoil
12%
W Wistoria
11%
X X
11%
U Übel Blatt
6%
Z Zenshu
6%
Aucun quiz correspondant
Distribution des résultats
% des personnes avec chaque résultat
Percentile par nombre de réponses
Votre historique - résultats
Vous n’avez pas pris ce quiz